Logo BPK

Bibliografia Prac Pracowników

Politechniki Koszalińskiej

Zmiana organizacyjna jako czynnik wspomagający konkurencyjność przedsiębiorstwa / (Rekord nr 8184)

Szczegóły MARC
000 -ETYKIETA REKORDU
podpole kontrolne o stałej długości 00709naa a22001697i 4500
003 - IDENTYFIKATOR NUMERU KONTROLNEGO REKORDU
podpole kontrolne KOSZ 005
005 - DATA OSTATNIEJ MODYFIKACJI REKORDU
podpole kontrolne 20180417135633.0
008 - POLE O STAŁEJ DŁUGOŚCI - DANE KONTROLNE
podpole kontrolne o stałej długości 160308s2004 ||||| ||||0|| 0 pol
035 ## - NUMER SYSTEMOWY
Numer systemowy przejętego rekordu PBN-R:252326
040 ## - ŹRÓDŁO KATALOGOWANIA
Instytucja, która utworzyła rekord KOSZ 005/md
Instytucja, która sporządziła opis PBN-ID
041 0# - KOD JĘZYKA
Kod języka tekstu pol
100 ## - NAZWA OSOBOWA
Nazwa osobowa BARANOWSKA, Katarzyna.
Instytucja Politechnika Koszalińska - Instytut Ekonomii i Zarządzania,
Wydział Zakład Zarządzania
Lata pracy 2002 - .
245 10 - TYTUŁ/ODPOWIEDZIALNOŚĆ
Tytuł Zmiana organizacyjna jako czynnik wspomagający konkurencyjność przedsiębiorstwa /
Pozostałe elementy strefy tytułu i oznaczenia odpowiedzialności Katarzyna Baranowska.
260 ## - STREFA ADRESU WYDAWNICZEGO
Data publikacji, dystrybucji/powstania dokumentu 2004.
773 08 - TYTUŁ DOKUMENTU MACIERZYSTEGO
Wyrażenie wprowadzające W:
Tytuł Współczesne problemy zarządzania organizacjami gospodarczymi. -
Adres wydawniczy Łódź : Wydawnictwo Politechniki Łódzkiej, 2004. -
Informacje dotyczące relacji s. 458-463.
942 ## - HASŁO DODATKOWE - ELEMENTY(KOHA)
Typ dokumentu Rozdział
Schemat klasyfikacji Uniwersalna klasyfikacja dziesiętna

Brak dostępnych egzemplarzy.

© 2014 Biblioteka Politechniki Koszalińskiej :: BIBLIOGRAFIA PRAC PRACOWNIKÓW